LEADER 01073nam0-2200325---450- 001 990009886030403321 005 20140717150130.0 010 $a2930342714 035 $a000988603 035 $aFED01000988603 035 $a(Aleph)000988603FED01 035 $a000988603 100 $a20140717d2007----km-y0itay50------ba 101 0 $afre 102 $aBE 105 $ay-------001yy 200 1 $aTraduire les lois: un éclairage culturel$ela traduction en français des codes civils allemand et suisse autour de 1900$fValérie Dullion 210 $aCortil-Wodon$cE. M. E.$d2007 215 $a300 p.$d20 cm 225 1 $aProximités$iDroit$fdirigée par Marcel Fontaine 300 $aSul front.: Publié avec le soutien de la Fondation Ernst et Lucie Schmidheiny (Genève) 676 $a340.14$v21$zita 700 1$aDullion,$bValérie$0523484 801 0$aIT$bUNINA$gRICA$2UNIMARC 901 $aBK 912 $a990009886030403321 952 $aV H 513$b55881*$fFGBC 959 $aFGBC 996 $aTraduire les lois: un éclairage culturel$9830025 997 $aUNINA LEADER 00937cam1 22003131i 450 001 990005410790403321 005 20140228154413.0 035 $a000541079 035 $aFED01000541079 035 $a(Aleph)000541079FED01 035 $a000541079 100 $a19990604g19409999km-y0itay50------ba 101 0 $aita 102 $aIT 105 $aaf------001yy 200 1 $aCenturipae 210 $aRoma$cLibreria dello Stato$d1940- 215 $av.$cill.$d52 cm 225 1 $aMonumenti della pittura antica scoperti in Italia$hSezione terza$i<>pittura ellenistico-romana 463 \1$1001990005410830403321$12001 $aRitratti di età ellenistica 610 0 $aRitratti ellenistici$aCenturipe 676 $a759.937$v22$zita 702 1$aRizzo,$bGiulio Emanuele$f<1865-1950> 801 0$aIT$bUNINA$gRICA$2UNIMARC 901 $aBK 912 $a990005410790403321 959 $aFLFBC 996 $aCenturipae$9591067 997 $aUNINA LEADER 01838oam 2200541I 450 001 9910711840703321 005 20190208134416.0 035 $a(CKB)5470000002487676 035 $a(OCoLC)1046653898 035 $a(EXLCZ)995470000002487676 100 $a20180730d1957 ua 0 101 0 $aeng 135 $aur||||||||||| 181 $ctxt$2rdacontent 182 $cc$2rdamedia 183 $acr$2rdacarrier 200 10$aSurface water supply of the United States, 1954$hPart 1-A$iNorth Atlantic slope basins, Maine to Connecticut /$fprepared under the direction of J.V.B. Wells 210 1$a[Washington, D.C.] :$cUnited States Department of the Interior, Geological Survey,$d1957. 215 $a1 online resource (viii, 261 pages) $cillustrations, map 225 1 $aGeological Survey water-supply paper ;$v1331 300 $a"Prepared in cooperation with the States of Connecticut, Maine, Massachusetts, New Hampshire, Rhode Island, and Vermont, and with other agencies." 300 $aIncludes index. 606 $aWater quality$zNortheastern States 606 $aWater-supply$zNortheastern States 606 $aWater quality$2fast 606 $aWater-supply$2fast 607 $aNortheastern States$2fast 615 0$aWater quality 615 0$aWater-supply 615 7$aWater quality. 615 7$aWater-supply. 700 $aWells$b J. V. B.$01385991 712 02$aGeological Survey (U.S.), 712 02$aConnecticut. 712 02$aMaine. 712 02$aMassachusetts. 712 02$aNew Hampshire. 712 02$aRhode Island. 712 02$aVermont. 801 0$bCOP 801 1$bCOP 801 2$bOCLCO 801 2$bOCLCF 801 2$bGPO 906 $aBOOK 912 $a9910711840703321 996 $aSurface water supply of the United States 1954$93450121 997 $aUNINA